Datum a čas kvízu
26.5
Celkem bodů
Celkový počet nahraných bodů na tomto kvízu bez doplňovacích otázek.
3.
Pořadí na kvízu
Konečné umístění týmu na tomto kvízu.
Zaznamenané odpovědi
| # | Otázka | Odpověď | Body | Výsledky |
|---|---|---|---|---|
| 1. | Mezi tradičními novoročními zp... | Břeclav | 0 | |
| 2. | Slovenská prezidentka Zuzana Č... | Milada Horáková | 1 | |
| 3. | Oblíbená hollywoodská hvězda o... | Cameron Diaz | 1 | |
| 4. | Česká obchodní inspekce řeší p... | geoblocking | 0 | |
| 5. | Na Nový rok se tradičně konalo... | Dallas, Nashville | 0.5 | |
| 6. | 1. ledna došlo k růstu minimál... | 14 600 Kč (uznáváme 14 100–15 100) | 1 | |
| 7. | V jednom z francouzských zámoř... | Nová Kaledonie | 0 | |
| 8. | 25. ledna začíná čínský rok __... | kovové | 0 | |
| 9. | Nejbezpečnějšími aerolinkami p... | Qantas | 0 | |
| 10. | Mezi 12. červnem a 12. červenc... | Anglie, Chorvatsko | 1 |